| 000 | 04393 a2200493 4500 | ||
|---|---|---|---|
| 005 | 20090514112130.0 | ||
| 008 | 090514t xxu||||| |||| 00| f eng d | ||
| 010 | _aENG-89623 B-308371-386 | ||
| 020 |
_c400.00 _a8122007341 |
||
| 020 |
_c400.00 _a9788122007343 |
||
| 035 | _aEN-73156 | ||
| 035 | _aB-308371-386 | ||
| 035 | _aB-359109 | ||
| 037 | _bDBAD / PUB | ||
| 037 | _bPansy Books | ||
| 040 |
_adpl _bEnglish |
||
| 082 | _aN | ||
| 100 | _aSikka, Harinder S. | ||
| 245 |
_aCalling Sehmat: _cby Harinder S. Sikka _ba novel / |
||
| 260 |
_aDelhi _bKonark Publishers _c2008 |
||
| 270 |
_aA-149, Main Vikas Marg, _bDelhi _e110 092 _mkonakpulishers@hotmailk.com |
||
| 300 |
_aix, 236p. _c21cm(Hb) |
||
| 942 |
_adpl _cEN _2ddc _hN _mSIK |
||
| 999 |
_c11042 _d11042 |
||